Emojis challenge #1 - Statistiques

Statistiques générales
  • Ce quiz a été pris 77 fois
  • Le résultat moyen est 3 sur 10
Statistiques - réponses
Hint Réponse % Correct
🚢👱🏻‍♂️💘🌹 Titanic
100%
🏔👭🏻🚪🪓🥶 Shining
43%
🌜🏛🖼👮‍♂️🔦 La nuit au musée
32%
🌧🚙🚿🔪👵🏻 Psychose
23%
😡😡😡😡😡😡⚖️ 😡😡😡😡😡😡🏛 Douze hommes en colère
19%
👨🏼🦝🌱📼 🛸 Les gardiens de la galaxie
19%
👨🏻♥️🖥 Her
10%
🚁🚁🚁💥🌴🔥 Apocalypse now
9%
👨🏻‍💻🚣💲🇺🇸 The social network
3%
🧑‍🚀💣 🇺🇸💥🇮🇶 Demineurs
1%
Aucun quiz correspondant
Distribution des résultats
% des personnes avec chaque résultat
Percentile par nombre de réponses
Votre historique - résultats
Vous n’avez pas pris ce quiz